LEADER 01924nam0 22003491i 450 001 UON00215758 005 20231205103353.267 010 $a20-510-1164-8 100 $a20030730d1991 |0itac50 ba 101 $afre 102 $aCH 105 $a|||| ||||| 200 1 $aAspects fantastiques de la littérature narrative médiévale$eXIIème-XIIIème siècles$el'autre, l'ailleurs, l'autrefois$fFrancis Dubost 205 $aGenève : Slatkine$b1991 210 $av.$a23 cm 215 $aSul front.: Ouvrage publié avec le concours de l'Université Paul-Valéry de Montpellier 316 $aDono Prof. Alberto Varvaro.$5IT-UONSI F. Varvaro38941 316 $aDono Prof. Alberto Varvaro.$5IT-UONSI F. Varvaro38942 410 1$1001UON00175080$12001 $aNouvelle bibliothèque du Moyen âge$1210 $aGenève$cEditions Slatkine.$v15 606 $aLETTERATURA FANTASTICA$xFrancia$xSec. 12.-13.$3UONC054402$2FI 606 $aLetteratura francese$xAspetti fantastici$xSec. 12.-13.$3UONC054401$2FI 620 $aCH$dGenève$3UONL003003 676 $a840.1$cLetteratura francese medievale (fino al 1400)$v21 700 1$aDUBOST$bFrancis$3UONV130507$0165350 712 $aSlatkine$3UONV255741$4650 801 $aIT$bSOL$c20251017$gRICA 912 $aUON00215758 950 $aSIBA - SISTEMA BIBLIOTECARIO DI ATENEO$dSI F. Varvaro3894 1 $eSI 34234 7 Dono Prof. Alberto Varvaro. 950 $aSIBA - SISTEMA BIBLIOTECARIO DI ATENEO$dSI F. Varvaro3894 2 $eSI 34341 7 Dono Prof. Alberto Varvaro. 950 $aSIBA - SISTEMA BIBLIOTECARIO DI ATENEO$dSI SLA DUB $eSI LO 51604 5 996 $aAspects fantastiques de la littérature narrative medièvale$9483946 997 $aUNIOR LEADER 03120nam 22006734a 450 001 9910953447803321 005 20251117075318.0 010 $a1-282-39658-7 010 $a9786612396588 010 $a90-474-2757-2 024 7 $a10.1163/ej.9789004148741.i-62 035 $a(CKB)1000000000807699 035 $a(EBL)467579 035 $a(OCoLC)536021118 035 $a(SSID)ssj0000334872 035 $a(PQKBManifestationID)11929216 035 $a(PQKBTitleCode)TC0000334872 035 $a(PQKBWorkID)10271029 035 $a(PQKB)11410726 035 $a(nllekb)BRILL9789047427575 035 $a(Au-PeEL)EBL467579 035 $a(CaPaEBR)ebr10355191 035 $a(CaONFJC)MIL239658 035 $a(MiAaPQ)EBC467579 035 $a(PPN)174398174 035 $a(EXLCZ)991000000000807699 100 $a20080428d2008 uy 0 101 0 $aeng 135 $aur|n|---||||| 181 $ctxt 182 $cc 183 $acr 200 10$aArticle 21 $eadoption /$fby Sylvain Vite, Herve Boechat 205 $a1st ed. 210 $aLeiden ;$aBoston $cMartinus Nijhoff Publishers$d2008 215 $a1 online resource (78 p.) 225 1 $aA commentary on the United Nations Convention on the Rights of the Child,$x1574-8626 300 $aDescription based upon print version of record. 311 08$a90-04-14874-4 320 $aIncludes bibliographical references (p. 61-62). 327 $aPreliminary Material -- Chapter One. Introduction -- Chapter Two. Comparison with Related International Instruments -- Chapter Three. Analysis of Article 21 -- Chapter Four. Conclusion -- Bibliography. 330 $aThis volume constitutes a commentary on Article 21 of the United Nations Convention on the Rights of the Child. It is part of the series, A Commentary on the United Nations Convention on the Rights of the Child , which provides an article by article analysis of all substantive, organizational and procedural provisions of the CRC and its two Optional Protocols. For every article, a comparison with related human rights provisions is made, followed by an in-depth exploration of the nature and scope of State obligations deriving from that article. The series constitutes an essential tool for actors in the field of children?s rights, including academics, students, judges, grassroots workers, governmental, non-governmental and international officers. The series is sponsored by the Belgian Federal Science Policy Office . 410 0$aCommentary on the United Nations Convention on the Rights of the Child. 606 $aChildren (International law) 606 $aChildren$xLegal status, laws, etc 606 $aAdoption$xLaw and legislation 615 0$aChildren (International law) 615 0$aChildren$xLegal status, laws, etc. 615 0$aAdoption$xLaw and legislation. 676 $a341.4/8572 700 $aVite?$b Sylvain$0595816 701 $aBoe?chat$b Herve?$01891678 801 0$bMiAaPQ 801 1$bMiAaPQ 801 2$bMiAaPQ 906 $aBOOK 912 $a9910953447803321 996 $aArticle 21$94535446 997 $aUNINA